000 00258nam a2200121Ia 4500
008 190216s9999||||xx |||||||||||||| ||und||
100 _aNull
245 0 _aAhindi-Asiv Ki Thalsa
260 _bCurrent Books
300 _a156
650 _aHindi
942 _cBK
999 _c15691
_d15691